000 00655nam a2200217Ia 4500
003 IN-BaIIA
008 211028s9999 xx 000 0 eng d
040 _cIIA Library
080 _a082.2:52
_bIAU-C22
100 _aCristescu, Cornelia
_99506
245 0 _aAsteroids, comets, meteoric matter
_cCornelia Cristescu, W. J. Klepczynski and B. Milet
260 _aNew York
_bScholium International
_c1974
300 _a[various pagings.]
650 _aAsteroids
_94064
650 _aAstronomy and astrophysics thesaurus
650 _aComets
_9755
650 _aMeteors
700 _aKlepczynski, W. J.
_99507
700 _aMilet, B. 
_99508
942 _cBK
999 _c5472
_d5472